Successful practices in GIS-based asset management /

"TRB's National Cooperative Highway Research Program (NCHRP) Report 800: Successful Practices in GIS-Based Asset Management provides guidance for state transportation agencies on using geographic information system (GIS) technologies in transportation asset management (TAM)." -- Publi...

Full description

Bibliographic Details
Main Author: Hall, James P. (Author)
Corporate Authors: Spy Pond Partners, LLC, Transcend Spatial Solutions, LLC, National Cooperative Highway Research Program (sponsoring body.), American Association of State Highway and Transportation Officials (sponsoring body.), United States. Federal Highway Administration (sponsoring body.)
Format: Book
Language:English
Published: Washington, D.C. : Transportation Research Board, 2015.
Series:Report (National Cooperative Highway Research Program) ; 800.
Subjects:
Online Access:http://proxy.library.tamu.edu/login?url=http://onlinepubs.trb.org/onlinepubs/nchrp/nchrp_rpt_800.pdf
Blub

MARC

Tag First Indicator Second Indicator Subfields
LEADER 00000cam a2200000Ii 4500
001 in00003774572
005 20191106111129.0
008 150326s2015 dcuab bt 000 0 eng d
035 |a (OCoLC)ocn905659309 
040 |a JCR  |b eng  |e rda  |c JCR  |d MDT  |d UIU  |d DMY  |d WAU  |d TXA 
020 |a 9780309308397 
020 |a 0309308399 
050 1 4 |a HE336.A8  |b S83 2015 
049 |a TXAM 
090 |a TE7  |b .N25 no.800 
245 0 0 |a Successful practices in GIS-based asset management /  |c Spy Pond Partners, LLC in association with Transcend Spatial Solutions, LLC, James P. Hall. 
264 1 |a Washington, D.C. :  |b Transportation Research Board,  |c 2015. 
300 |a 1 volume (various pagings) :  |b color illustrations, color maps ;  |c 28 cm. 
336 |a text  |b txt  |2 rdacontent 
336 |a still image  |b sti  |2 rdacontent 
336 |a cartographic image  |b cri  |2 rdacontent 
337 |a unmediated  |b n  |2 rdamedia 
338 |a volume  |b nc  |2 rdacarrier 
490 1 |a NCHRP report,  |x 0077-5614 ;  |v 800 
500 |a At head of title: National Cooperative Highway Research Program. 
536 |a Research sponsored by the American Association of State Highway and Transportation Officials in cooperation with the Federal Highway Administration  |f 08-87 
520 |a "TRB's National Cooperative Highway Research Program (NCHRP) Report 800: Successful Practices in GIS-Based Asset Management provides guidance for state transportation agencies on using geographic information system (GIS) technologies in transportation asset management (TAM)." -- Publisher's description. 
504 |a Includes bibliographical references. 
505 0 |a chapter 1. Introduction -- chapter 2. Guidance development -- chapter 3. Outreach -- chapter 4. Conclusions -- annex A. Executive guide -- annex B. Implementation guide -- annex C. GIS/TAM workshop presentation slides. 
650 0 |a Roads  |x Management  |x Data processing. 
650 0 |a Roads  |x Geographic information systems. 
650 7 |a Geographic information systems.  |2 trt 
650 7 |a Best practices.  |2 trt 
650 7 |a Asset management.  |2 trt 
700 1 |a Hall, James P.,  |e author. 
710 2 |a Spy Pond Partners, LLC. 
710 2 |a Transcend Spatial Solutions, LLC. 
710 2 |a National Research Council (U.S.).  |b Transportation Research Board,  |e issuing body. 
710 2 |a National Cooperative Highway Research Program,  |e sponsoring body. 
710 2 |a American Association of State Highway and Transportation Officials,  |e sponsoring body. 
710 1 |a United States.  |b Federal Highway Administration,  |e sponsoring body. 
830 0 |a Report (National Cooperative Highway Research Program) ;  |v 800. 
856 4 1 |u http://proxy.library.tamu.edu/login?url=http://onlinepubs.trb.org/onlinepubs/nchrp/nchrp_rpt_800.pdf  |t 0 
856 4 1 |3 Blub  |u http://www.trb.org/Publications/Blurbs/172204.aspx  |t 0 
948 |a cataloged  |b h  |c 2016/5/10  |d c  |e ceaton  |f 10:58:24 am 
994 |a C0  |b TXA 
999 f f |s b38d0553-82d3-3796-a349-faecc4a1c93d  |i c5f62a35-37de-3e83-a1b3-49b8297741b7  |t 0 
952 f f |p normal  |a Texas A&M University  |b College Station  |c Sterling C. Evans Library  |d Evans: Library Stacks  |t 0  |e TE7 .N25 no.800  |h Library of Congress classification  |i unmediated -- volume  |m A14843500852 
998 f f |a TE7 .N25 no.800  |t 0  |l Evans: Library Stacks